<?xml version="1.0" encoding="UTF-8"?><?xml-stylesheet type="text/xsl" href="static/style.xsl"?><OAI-PMH xmlns="http://www.openarchives.org/OAI/2.0/" xmlns:xsi="http://www.w3.org/2001/XMLSchema-instance" xsi:schemaLocation="http://www.openarchives.org/OAI/2.0/ http://www.openarchives.org/OAI/2.0/OAI-PMH.xsd"><responseDate>2026-04-18T20:06:08Z</responseDate><request verb="GetRecord" identifier="oai:riubu.ubu.es:10259/7225" metadataPrefix="marc">https://riubu.ubu.es/oai/request</request><GetRecord><record><header><identifier>oai:riubu.ubu.es:10259/7225</identifier><datestamp>2023-01-10T01:05:47Z</datestamp><setSpec>com_10259_6256</setSpec><setSpec>com_10259_5086</setSpec><setSpec>com_10259_2604</setSpec><setSpec>col_10259_6257</setSpec></header><metadata><record xmlns="http://www.loc.gov/MARC21/slim" xmlns:doc="http://www.lyncode.com/xoai" xmlns:xsi="http://www.w3.org/2001/XMLSchema-instance" xmlns:dcterms="http://purl.org/dc/terms/" xsi:schemaLocation="http://www.loc.gov/MARC21/slim http://www.loc.gov/standards/marcxml/schema/MARC21slim.xsd">
<leader>00925njm 22002777a 4500</leader>
<datafield tag="042" ind1=" " ind2=" ">
<subfield code="a">dc</subfield>
</datafield>
<datafield tag="720" ind1=" " ind2=" ">
<subfield code="a">Said Rücker, Patricia Beatriz</subfield>
<subfield code="e">author</subfield>
</datafield>
<datafield tag="720" ind1=" " ind2=" ">
<subfield code="a">Rosende, Roque Oscar</subfield>
<subfield code="e">author</subfield>
</datafield>
<datafield tag="720" ind1=" " ind2=" ">
<subfield code="a">Krupp, Sebastián</subfield>
<subfield code="e">author</subfield>
</datafield>
<datafield tag="720" ind1=" " ind2=" ">
<subfield code="a">Becchio, Jorge Gabriel</subfield>
<subfield code="e">author</subfield>
</datafield>
<datafield tag="720" ind1=" " ind2=" ">
<subfield code="a">Fernández Zoppino, Darío</subfield>
<subfield code="e">author</subfield>
</datafield>
<datafield tag="260" ind1=" " ind2=" ">
<subfield code="c">2018-07</subfield>
</datafield>
<datafield tag="520" ind1=" " ind2=" ">
<subfield code="a">Several lesions or pathologies alter the symmetry, anatomical morphology and facial physiology of the patient&#xd;
affecting their quality of life; therefore they need to be adequately repaired.&#xd;
Customized prosthetic devices allow proper correction of these alterations through surgical interventions. Thus it is&#xd;
important to develop protocols aimed to design the prosthesis considering the anatomical parameters of the patient, its&#xd;
placement and the comprehensive approach to each case.&#xd;
Tissue engineering proposes new strategies for regeneration or replacement of tissues or organs, restoring the&#xd;
shape and function to the affected area. Many therapeutic approaches are based on stem cells since they could make&#xd;
the difference in promoting tissue acceleration and regeneration in clinical practice.&#xd;
With the prospect of being implemented in the field of oral-maxillofacial reconstruction, these developments could&#xd;
have positive effects on patient´s care, impacting on population health.</subfield>
</datafield>
<datafield tag="024" ind2=" " ind1="8">
<subfield code="a">2161-1122</subfield>
</datafield>
<datafield tag="024" ind2=" " ind1="8">
<subfield code="a">http://hdl.handle.net/10259/7225</subfield>
</datafield>
<datafield tag="024" ind2=" " ind1="8">
<subfield code="a">10.4172/2161-1122.1000499</subfield>
</datafield>
<datafield tag="024" ind2=" " ind1="8">
<subfield code="a">2161-1122</subfield>
</datafield>
<datafield ind1=" " ind2=" " tag="653">
<subfield code="a">Regenerative dentistry</subfield>
</datafield>
<datafield ind1=" " ind2=" " tag="653">
<subfield code="a">Pulp cells</subfield>
</datafield>
<datafield ind1=" " ind2=" " tag="653">
<subfield code="a">Surgical protocol</subfield>
</datafield>
<datafield tag="245" ind1="0" ind2="0">
<subfield code="a">Functional Approaches to Oral-Maxillo-facial Restoration</subfield>
</datafield>
</record></metadata></record></GetRecord></OAI-PMH>